24 Orange Movie Posters Quiz Stats

 Plays Quiz Updated Sep 11, 2016

Challenge
Share
Tweet
Score 0/24 Timer 06:00
4 Plays Today
Hint Answer % Correct
Row 3Kung Fu Panda
96.9%
Row 1The Lion King
87.5%
Row 1The Lorax
84.5%
Row 3Fantastic Four
83%
Row 3Bolt
82.2%
Row 2Horton Hears a Who!
80.9%
Row 2Ocean's Eleven
78.7%
Row 1Charlie's Angels
77.7%
Row 1Gone With the Wind
77%
Row 3Rush Hour 3
73.5%
Row 2Armageddon
71.1%
Row 2Beverly Hills Cop II
70.3%
Hint Answer % Correct
Row 1Signs
67.4%
Row 1Mission: Impossible II
57.7%
Row 2The Last King of Scotland
56.4%
Row 3Ghost Rider
53.7%
Row 3Gone in Sixty Seconds
52%
Row 2Coach Carter
50.2%
Row 3The Hunchback of Notre Dame
44%
Row 2The Mummy: Tomb of the Dragon Emperor
42.5%
Row 1Vertigo
40%
Row 1Beverly Hills Ninja
36.5%
Row 3Sunset Boulevard
22.7%
Row 2Mad Max 2: The Road Warrior
20.9%

You're not logged in!

Compare scores with friends on all Sporcle quizzes.
Join for Free
OR
Log In

You Might Also Like...

Show Comments

Extras

Top Quizzes Today


Score Distribution

Your Account Isn't Verified!

In order to create a playlist on Sporcle, you need to verify the email address you used during registration. Go to your Sporcle Settings to finish the process.

Report this User

Report this user for behavior that violates our Community Guidelines.

Details: